[Event "Accession B 2019/2020"]
[Site "Vitrolles"]
[Date "2019.10.05"]
[Round "1"]
[White "Derien, Robert"]
[Black "Bui, Christopher"]
[Result "0-1"]
[WhiteElo "1566"]
[BlackElo "1792"]
[PlyCount "50"]
[EventDate "2019.??.??"]

1. e4 c5 2. Nf3 d6 3. c3 Nf6 4. Be2 Nc6 5. d3 g6 6. O-O Bg7 7. Na3 O-O 8. Nc4
b5 9. Ne3 Rb8 10. Rb1 b4 11. Bd2 Bd7 12. Nh4 bxc3 13. Bxc3 Nd4 14. f4 Bb5 15.
e5 dxe5 16. Nc4 exf4 17. Nf3 Nd5 18. Nxd4 cxd4 19. Bd2 Bxc4 20. dxc4 Ne3 21.
Bxe3 fxe3 22. b3 e5 23. Bd3 f5 24. Rb2 e4 25. Bb1 d3 0-1

[Event "Accession B 2019/2020"]
[Site "Vitrolles"]
[Date "2019.10.05"]
[Round "1"]
[White "Battaglia, Gerard"]
[Black "Vialette, Eric"]
[Result "1/2-1/2"]
[WhiteElo "1789"]
[BlackElo "1634"]
[PlyCount "57"]
[EventDate "2019.??.??"]

1. d4 Nf6 2. c4 c5 3. d5 b5 4. cxb5 a6 5. Nc3 axb5 6. Nxb5 Qa5+ 7. Nc3 Ne4 8.
Bd2 Nxd2 9. Qxd2 d6 10. e4 g6 11. Nf3 Bg7 12. Be2 O-O 13. O-O Ba6 14. Rfe1 Nd7
15. a3 Bxe2 16. Rxe2 Rfb8 17. Qc1 Ne5 18. Nxe5 Bxe5 19. Rc2 Rb3 20. g3 Rab8 21.
Kg2 Qb6 22. Ra2 Qa6 23. Qf1 Qa5 24. Qc1 Qa6 25. Qd2 R8b6 26. f4 Bd4 27. f5 Kg7
28. fxg6 hxg6 29. h4 1/2-1/2

[Event "Accession B 2019/2020"]
[Site "Vitrolles"]
[Date "2019.10.05"]
[Round "1"]
[White "Piat, Jean-Pascal"]
[Black "Girard, Jean-Pierre"]
[Result "1-0"]
[WhiteElo "1703"]
[BlackElo "1725"]
[PlyCount "55"]
[EventDate "2019.??.??"]

1. d4 Nf6 2. Nc3 d5 3. e4 dxe4 4. f3 e6 5. fxe4 Nc6 6. Nf3 a6 7. a3 Be7 8. Bd3
b5 9. Ne2 Bb7 10. O-O O-O 11. Qe1 b4 12. e5 Nd5 13. Qg3 f5 14. exf6 Bxf6 15.
Ne5 Qd6 16. Qh3 h6 17. Bxh6 Qe7 18. Bd2 g5 19. Ng6 Qd7 20. Nxf8 Rxf8 21. c3
bxc3 22. bxc3 Bc8 23. Bc2 Nb6 24. Qg4 Qg7 25. Bb3 Nd5 26. Ng3 Be7 27. Rxf8+
Kxf8 28. Bxd5 1-0

[Event "Accession B 2019/2020"]
[Site "Vitrolles"]
[Date "2019.10.05"]
[Round "1"]
[White "Bouton, Come"]
[Black "Emilbekov, Bektogul"]
[Result "1/2-1/2"]
[WhiteElo "1662"]
[BlackElo "1696"]
[PlyCount "144"]
[EventDate "2019.??.??"]

1. e4 c6 2. d4 d5 3. Nd2 dxe4 4. Nxe4 Nd7 5. Ng5 Ndf6 6. Bd3 h6 7. N5f3 Qb6 8.
h3 e6 9. Ne2 c5 10. O-O cxd4 11. Nexd4 Bc5 12. Nb3 Bd6 13. Bd2 Bd7 14. Ba5 Qc6
15. Nfd4 Qd5 16. Qe2 Ne7 17. Nf5 O-O 18. Nxd6 Qxd6 19. Rad1 Ned5 20. Bc4 b6 21.
Bc3 Nxc3 22. Rxd6 Nxe2+ 23. Bxe2 Rac8 24. c3 Rc7 25. Rfd1 Ba4 26. Bf3 g6 27.
Kf1 Kg7 28. h4 h5 29. R1d4 Bb5+ 30. Ke1 Bc4 31. Kd1 Rfc8 32. Kc2 e5 33. Rd2 e4
34. Be2 e3 35. fxe3 Bxb3+ 36. Kxb3 Ne4 37. R2d4 Nxd6 38. Rxd6 Re8 39. Bf3 Rxe3
40. Kb4 Re5 41. c4 a5+ 42. Kc3 b5 43. Rd4 bxc4 44. Rxc4 Rec5 45. Rxc5 Rxc5+ 46.
Kb3 Rb5+ 47. Kc3 Rb4 48. g3 f6 49. a3 Rb8 50. b4 axb4+ 51. axb4 Kf7 52. Kc4 Ke6
53. Kc5 Kd7 54. b5 Kc7 55. Bd5 g5 56. Bf7 gxh4 57. gxh4 Rd8 58. b6+ Kb8 59.
Bxh5 Rh8 60. Bf3 Rxh4 61. Kd6 Rb4 62. Ke7 f5 63. Ke6 Rf4 64. Bd5 Rf1 65. Ke5 f4
66. Ke4 f3 67. Ke3 f2 68. Ke2 Rd1 69. Bg2 Rb1 70. Kxf2 Rb2+ 71. Kg3 Rxg2+ 72.
Kxg2 Kb7 1/2-1/2

[Event "Accession B 2019/2020"]
[Site "Vitrolles"]
[Date "2019.10.05"]
[Round "1"]
[White "Montanelli, Tristan"]
[Black "Pinto, Axel"]
[Result "1/2-1/2"]
[WhiteElo "1658"]
[BlackElo "1679"]
[PlyCount "133"]
[EventDate "2019.??.??"]

1. e4 c5 2. Nf3 d6 3. d3 g6 4. c3 Bg7 5. Nbd2 Nc6 6. Be2 e6 7. Nb3 Nge7 8. d4
cxd4 9. Nbxd4 O-O 10. O-O Bd7 11. Bg5 a6 12. a4 Rc8 13. Qd2 Qc7 14. Rfd1 d5 15.
exd5 Nxd5 16. c4 Nf6 17. Bf4 Qb6 18. Nxc6 Bxc6 19. c5 Qb3 20. Ra3 Qd5 21. Rd3
Qf5 22. Nh4 Qxc5 23. Bd6 Qb6 24. Bxf8 Rxf8 25. b3 Bd5 26. Bf3 Rc8 27. Qe3 Qb4
28. g3 Rc2 29. Bxd5 Nxd5 30. Qa7 h5 31. Nf3 Rc3 32. Qb8+ Kh7 33. Ng5+ Kh6 34.
Nxf7+ Kh7 35. Ng5+ Kh6 36. Nf3 Rxd3 37. Rxd3 Qe4 38. Rxd5 Qxd5 39. Qf4+ g5 40.
Qe3 Kg6 41. Nd2 Qd4 42. Qe4+ Qxe4 43. Nxe4 b6 44. Kg2 g4 45. h3 Be5 46. hxg4
hxg4 47. f4 Kf5 48. Nd2 Bd4 49. Kf1 Be3 50. Nc4 Ke4 51. Ke2 Bd4 52. Nd2+ Kd5
53. Kd3 Bf2 54. Ne4 Be1 55. Ke3 b5 56. axb5 axb5 57. Nf6+ Kc5 58. Nxg4 Bxg3 59.
Nf6 Kb4 60. Ne4 Be1 61. Ng5 Kxb3 62. Nxe6 b4 63. Kd3 Ka2 64. Nd4 Bf2 65. Nb5
Be1 66. Nd4 Bc3 67. Kc4 1/2-1/2

[Event "Accession B 2019/2020"]
[Site "Vitrolles"]
[Date "2019.11.09"]
[Round "2"]
[White "Emilbekov, Bektogul"]
[Black "Bui, Christopher"]
[Result "1-0"]
[WhiteElo "1702"]
[BlackElo "1836"]
[PlyCount "111"]
[EventDate "2019.??.??"]

1. d4 Nf6 2. Nf3 g6 3. Nbd2 Bg7 4. c3 d5 5. e3 Bf5 6. Qb3 Qc8 7. Nh4 Be6 8. Qa3
Nbd7 9. b4 O-O 10. Bd3 Nb6 11. Qb3 Ne4 12. Nhf3 Qd7 13. Qc2 Nd6 14. e4 dxe4 15.
Nxe4 Nxe4 16. Bxe4 Bd5 17. O-O Bxe4 18. Qxe4 Nd5 19. Bd2 Qc6 20. Rac1 Nxb4 21.
Qxe7 Nd5 22. Qh4 Rae8 23. c4 Nb6 24. Bb4 Re4 25. d5 Qe8 26. Qg3 Qd7 27. Bxf8
Bxf8 28. Nd2 Rd4 29. Qe3 Bg7 30. Rfe1 h6 31. Qe8+ Qxe8 32. Rxe8+ Kh7 33. Nf3
Rxc4 34. Rxc4 Nxc4 35. Re7 Nb6 36. Rxc7 Nxd5 37. Rxb7 a6 38. Rxf7 Nb4 39. a3
Nc2 40. a4 Kg8 41. Ra7 Nb4 42. Rb7 Bc3 43. Ne5 Bxe5 44. Rxb4 a5 45. Rb7 g5 46.
g3 Bc3 47. Kg2 Be1 48. f4 gxf4 49. gxf4 Bd2 50. Kf3 h5 51. Ke4 h4 52. h3 Bb4
53. Kf5 Bc3 54. Kg6 Bb4 55. Rb8+ Bf8 56. f5 1-0

[Event "Accession B 2019/2020"]
[Site "Vitrolles"]
[Date "2019.11.09"]
[Round "2"]
[White "Pinto, Axel"]
[Black "Piat, Jean-Pascal"]
[Result "0-1"]
[WhiteElo "1697"]
[BlackElo "1699"]
[PlyCount "72"]
[EventDate "2019.??.??"]

1. e4 c5 2. Nf3 Nc6 3. d4 cxd4 4. Nxd4 g6 5. Be3 Bg7 6. Bc4 Nf6 7. Nc3 O-O 8.
O-O a6 9. a4 d6 10. h3 Nxd4 11. Bxd4 Qc7 12. Qe2 Bd7 13. Rfd1 Rac8 14. Bb3 e5
15. Be3 Be6 16. a5 Bxb3 17. cxb3 Qe7 18. Bb6 Qe6 19. b4 Ne8 20. Nd5 f5 21. Rac1
Rf7 22. f3 Bf6 23. b5 axb5 24. Qxb5 fxe4 25. fxe4 Bg5 26. Rc4 Rxc4 27. Qxc4 Nf6
28. b4 Nxd5 29. exd5 Qf6 30. Rf1 Qe7 31. b5 Bf4 32. a6 bxa6 33. bxa6 Qh4 34.
Bf2 Bh2+ 35. Kxh2 Qxc4 36. a7 Qxd5 0-1

[Event "Accession B 2019/2020"]
[Site "Vitrolles"]
[Date "2019.11.09"]
[Round "2"]
[White "Bouton, Come"]
[Black "Montanelli, Tristan"]
[Result "1-0"]
[WhiteElo "1654"]
[BlackElo "1611"]
[PlyCount "23"]
[EventDate "2019.??.??"]

1. e4 Nc6 2. Nf3 Nf6 3. e5 Nd5 4. d4 d6 5. c4 Nb6 6. e6 f6 7. Nh4 g6 8. Bd3 Bg7
9. Qg4 O-O 10. Nxg6 hxg6 11. Qxg6 f5 12. Bh6 1-0

[Event "Accession B 2019/2020"]
[Site "Vitrolles"]
[Date "2019.11.09"]
[Round "2"]
[White "Girard, Jean-Pierre"]
[Black "Battaglia, Gerard"]
[Result "1/2-1/2"]
[WhiteElo "1717"]
[BlackElo "1793"]
[PlyCount "104"]
[EventDate "2019.??.??"]

1. e4 e5 2. Nf3 d6 3. d4 exd4 4. Nxd4 Nf6 5. Nc3 Be7 6. Be2 O-O 7. O-O Re8 8.
f4 Bf8 9. Bf3 Nbd7 10. Re1 a6 11. Be3 Nb6 12. Qd3 c5 13. Nde2 Bg4 14. Bf2 Bxf3
15. Qxf3 Qc7 16. Rad1 g6 17. f5 Bg7 18. Bh4 Rf8 19. Nf4 gxf5 20. Bxf6 Bxf6 21.
Nh5 Be5 22. exf5 f6 23. Nf4 Qc6 24. Qxc6 bxc6 25. Ne6 Rf7 26. Ne4 Rd7 27. b3
Kf7 28. a4 Raa7 29. g4 h6 30. h4 Nd5 31. Kf2 Ne7 32. Kf3 Rab7 33. Nd2 Ke8 34.
Ne4 Kf7 35. Rd3 Ke8 36. Red1 Nd5 37. c4 Ne7 38. Ke2 Nc8 39. Kd2 Re7 40. Kc2
Rxe6 41. fxe6 Ke7 42. Ng3 Kxe6 43. Nf5 Rh7 44. h5 Bf4 45. Re1+ Be5 46. Re2 Rh8
47. Kd1 Rh7 48. Ke1 Rh8 49. Kf2 a5 50. Kf3 Rh7 51. Nh4 Ne7 52. Ng2 Rg7 1/2-1/2

[Event "Accession B 2019/2020"]
[Site "Vitrolles"]
[Date "2019.11.09"]
[Round "2"]
[White "Vialette, Eric"]
[Black "Derien, Robert"]
[Result "1-0"]
[WhiteElo "1638"]
[BlackElo "1527"]
[PlyCount "79"]
[EventDate "2019.??.??"]

1. e4 d5 2. exd5 Nf6 3. Bb5+ Bd7 4. Bc4 c6 5. Nc3 cxd5 6. Nxd5 Nxd5 7. Bxd5 Nc6
8. Nf3 g6 9. O-O e6 10. Re1 Bg7 11. a3 O-O 12. Ba2 Qb6 13. Rb1 Rac8 14. c3 e5
15. d3 Qc7 16. Be3 b6 17. h3 Kh8 18. Qd2 f5 19. Bh6 f4 20. Bxg7+ Kxg7 21. Bd5
Rcd8 22. Bxc6 Bxc6 23. Nxe5 Bb7 24. f3 Bc8 25. Re2 Rf5 26. Rbe1 Qd6 27. Re4
Rdf8 28. Ng4 R8f7 29. c4 Qc5+ 30. Kh1 h5 31. Qc3+ Kh7 32. Re5 Qd6 33. Rxf5 Bxf5
34. Re8 Rf8 35. Rxf8 Qxf8 36. Nf6+ Kh6 37. Ne4 Qd8 38. d4 Qh4 39. d5 Qd8 40.
Qe5 1-0

[Event "Accession B 2019/2020"]
[Site "Vitrolles"]
[Date "2019.11.30"]
[Round "3"]
[White "Piat, Jean-Pascal"]
[Black "Bouton, Come"]
[Result "0-1"]
[WhiteElo "1699"]
[BlackElo "1654"]
[PlyCount "64"]
[EventDate "2019.??.??"]

1. d4 Nf6 2. Nc3 d5 3. e4 dxe4 4. f3 exf3 5. Nxf3 e6 6. Bd3 Be7 7. O-O O-O 8.
Bg5 c5 9. dxc5 Bxc5+ 10. Kh1 Nbd7 11. Qe1 h6 12. Qh4 Re8 13. Bxh6 gxh6 14. Qxh6
Bf8 15. Qh4 Bg7 16. Ng5 Nf8 17. Rf3 Ng6 18. Bxg6 fxg6 19. Raf1 Rf8 20. Nce4 Qe7
21. g4 b6 22. Nh7 Bb7 23. Nhxf6+ Bxf6 24. g5 Bg7 25. Kg1 Bd4+ 26. Kg2 Rxf3 27.
Rxf3 Rf8 28. Rxf8+ Qxf8 29. Qg4 Qf2+ 30. Kh3 Qf1+ 31. Kh4 Qf5 32. Nd6 Qf2+ 0-1

[Event "Accession B 2019/2020"]
[Site "Vitrolles"]
[Date "2019.11.30"]
[Round "3"]
[White "Bui, Christopher"]
[Black "Vialette, Eric"]
[Result "1/2-1/2"]
[WhiteElo "1836"]
[BlackElo "1638"]
[PlyCount "114"]
[EventDate "2019.??.??"]

1. c4 e5 2. g3 Nc6 3. Bg2 f5 4. Nc3 Nf6 5. e3 Be7 6. Nge2 O-O 7. O-O d6 8. d4
Qe8 9. a3 Qh5 10. Nd5 Bd8 11. Nec3 Qxd1 12. Rxd1 Nxd5 13. Bxd5+ Kh8 14. b4 Ne7
15. Bg2 Rb8 16. Bb2 Ng6 17. f4 e4 18. Rd2 Be6 19. d5 Bg8 20. Rc1 b6 21. Nb5 Rb7
22. Bf1 Bf6 23. Bxf6 Rxf6 24. Nd4 Ne7 25. Be2 Rb8 26. Rdc2 g6 27. Rc3 Rff8 28.
Bd1 a6 29. Bb3 Rfc8 30. c5 bxc5 31. bxc5 Nxd5 32. Bxd5 Bxd5 33. cxd6 c6 34.
Nxc6 Bxc6 35. Rxc6 Rd8 36. Rxa6 Rb3 37. Re1 Rd3 38. Re2 R3xd6 39. Rxd6 Rxd6 40.
Ra2 Rd3 41. Kf2 Kg8 42. a4 Kf8 43. Rb2 Ra3 44. Rb8+ Kf7 45. Ra8 Ra2+ 46. Ke1
Rxh2 47. a5 Kg7 48. a6 Kh6 49. Kd1 Kh5 50. Rh8 Ra2 51. Rxh7+ Kg4 52. a7 Kxg3
53. Kc1 Ra6 54. Kc2 Kf3 55. Rh3+ Kg4 56. Rh7 Kf3 57. Rh3+ Kg4 1/2-1/2

[Event "Accession B 2019/2020"]
[Site "Vitrolles"]
[Date "2019.11.30"]
[Round "3"]
[White "Montanelli, Tristan"]
[Black "Emilbekov, Bektogul"]
[Result "0-1"]
[WhiteElo "1611"]
[BlackElo "1702"]
[PlyCount "38"]
[EventDate "2019.??.??"]

1. Nf3 Nf6 2. c4 c6 3. Nc3 d5 4. e3 a6 5. a4 Bg4 6. Be2 e6 7. b3 Bd6 8. Ba3
Bxa3 9. Rxa3 Qd6 10. Ra1 Nbd7 11. h3 Bh5 12. b4 dxc4 13. b5 Bxf3 14. Bxf3 Ne5
15. bxc6 Nd3+ 16. Kf1 bxc6 17. a5 O-O 18. Qa4 Ne5 19. Ne4 Qd3+ 0-1

[Event "Accession B 2019/2020"]
[Site "Vitrolles"]
[Date "2019.11.30"]
[Round "3"]
[White "Battaglia, Gerard"]
[Black "Pinto, Axel"]
[Result "0-1"]
[WhiteElo "1793"]
[BlackElo "1697"]
[PlyCount "90"]
[EventDate "2019.??.??"]

1. d4 d5 2. c4 e6 3. Nf3 c5 4. e3 Nf6 5. Nc3 Nc6 6. a3 a6 7. Be2 Bd6 8. O-O O-O
9. dxc5 Bxc5 10. b4 Bd6 11. g3 Bc7 12. Bb2 Re8 13. Qc2 dxc4 14. Bxc4 Qe7 15.
Be2 Bd7 16. Rac1 Rac8 17. Qb1 Na7 18. Rfd1 Bc6 19. Nd4 h5 20. Nxc6 Nxc6 21. b5
Ne5 22. bxa6 bxa6 23. Ne4 h4 24. Nxf6+ Qxf6 25. f4 hxg3 26. hxg3 Rb8 27. Rxc7
Rxb2 28. Qxb2 Nf3+ 29. Bxf3 Qxb2 30. Rdd7 Rf8 31. a4 Qa1+ 32. Bd1 Rb8 33. Kg2
Rb2+ 34. Kh3 Qb1 35. Rd8+ Kh7 36. Bf3 Qf1+ 37. Kg4 f5+ 38. Kg5 Qxf3 39. Rxg7+
Kxg7 40. Rd7+ Kg8 41. Kf6 Qa8 42. Rg7+ Kh8 43. Rg5 Qf8+ 44. Ke5 Qf7 45. g4 fxg4
0-1

[Event "Accession B 2019/2020"]
[Site "Vitrolles"]
[Date "2019.11.30"]
[Round "3"]
[White "Derien, Robert"]
[Black "Girard, Jean-Pierre"]
[Result "0-1"]
[WhiteElo "1527"]
[BlackElo "1717"]
[PlyCount "70"]
[EventDate "2019.??.??"]

1. e4 c5 2. Nf3 d6 3. c3 Nf6 4. Be2 Nc6 5. d4 cxd4 6. cxd4 e6 7. Nc3 Be7 8. O-O
O-O 9. a3 a6 10. b4 b5 11. Bb2 Bb7 12. Rc1 Rc8 13. Re1 Qb6 14. d5 exd5 15. exd5
Ne5 16. Nxe5 dxe5 17. Bd3 Bd6 18. Ne4 Nxe4 19. Bxe4 f5 20. Bb1 Rce8 21. Re3 Qd8
22. Rh3 g6 23. Qd2 Qe7 24. Re1 Qf7 25. Ba2 Re7 26. Rxe5 Bxe5 27. Bxe5 Rxe5 28.
Rd3 Rfe8 29. Re3 Kg7 30. Qd4 Qf6 31. d6 Rxe3 32. Qxf6+ Kxf6 33. fxe3 Rxe3 34.
Bd5 Bxd5 35. Kf2 Rxa3 0-1

[Event "Accession B 2019/2020"]
[Site "Vitrolles"]
[Date "2019.12.14"]
[Round "4"]
[White "Emilbekov, Bektogul"]
[Black "Vialette, Eric"]
[Result "1-0"]
[WhiteElo "1702"]
[BlackElo "1638"]
[PlyCount "115"]
[EventDate "2019.??.??"]

1. Nf3 d5 2. d4 e6 3. e3 c6 4. Bd3 f5 5. b3 Nf6 6. O-O Bd6 7. c4 O-O 8. Ba3 Ne4
9. Bxd6 Nxd6 10. Nc3 Ne4 11. Rc1 Nd7 12. Nd2 Qg5 13. Qe2 e5 14. dxe5 Nxd2 15.
Qxd2 d4 16. Ne2 dxe3 17. Qc2 exf2+ 18. Rxf2 Nxe5 19. Nf4 Nxd3 20. Qxd3 Rd8 21.
Qe2 Bd7 22. Rd1 Re8 23. Qf3 Rad8 24. Rdf1 Re7 25. Rd1 Rde8 26. Rfd2 Be6 27. Qf2
Bf7 28. g3 Qf6 29. Qxa7 g5 30. Ng2 Bh5 31. Rf1 Bg4 32. Qd4 Qxd4+ 33. Rxd4 Re2
34. Rf2 Bh3 35. Rd2 R2e5 36. Rf3 Re2 37. Rf2 R2e5 38. Rf3 R8e7 39. Kf2 Bg4 40.
Re3 Kf7 41. Rxe5 Rxe5 42. Ne3 Bh5 43. Rd7+ Re7 44. Rxe7+ Kxe7 45. Nxf5+ Kd7 46.
Ke3 Bg4 47. Ke4 Bh3 48. Ke5 b5 49. a3 bxc4 50. bxc4 Bxf5 51. Kxf5 Kd6 52. Ke4
Kc5 53. Kd3 g4 54. Kc3 Kb6 55. Kd4 h6 56. a4 h5 57. a5+ Kxa5 58. Kc5 1-0

[Event "Accession B 2019/2020"]
[Site "Vitrolles"]
[Date "2019.12.14"]
[Round "4"]
[White "Montanelli, Tristan"]
[Black "Piat, Jean-Pascal"]
[Result "0-1"]
[WhiteElo "1611"]
[BlackElo "1699"]
[PlyCount "134"]
[EventDate "2019.??.??"]

1. Nf3 Nf6 2. c4 g6 3. b3 Bg7 4. Bb2 d6 5. d4 O-O 6. Nbd2 Re8 7. e3 Nbd7 8. Be2
e5 9. dxe5 Nxe5 10. O-O Nfg4 11. Nxe5 Nxe5 12. Qc2 Qe7 13. Rad1 h5 14. h3 Bd7
15. b4 a5 16. b5 Be6 17. Nf3 Nxf3+ 18. Bxf3 Bxb2 19. Qxb2 Bxc4 20. Bxb7 Rab8
21. Bc6 Red8 22. Rfe1 d5 23. a4 Qd6 24. Rd4 Qxc6 25. e4 Qe8 26. Qc3 Qf8 27.
Red1 Qb4 28. Qa1 Qc5 29. Rc1 Qe7 30. Rcd1 Bb3 31. Re1 Qg5 32. Qc3 Bc4 33. Qxa5
Rb6 34. Qc3 Rd7 35. exd5 Ba2 36. Re8+ Kh7 37. Rf4 f6 38. Rfe4 Qxd5 39. R4e7+
Rxe7 40. Rxe7+ Kh6 41. Qxc7 Qd1+ 42. Kh2 Qd6+ 43. Qxd6 Rxd6 44. Re4 Rd2 45. Kg1
Rb2 46. Rf4 Kg7 47. Rf3 Rb1+ 48. Kh2 Rb4 49. Ra3 Bb3 50. a5 Rxb5 51. a6 Bd5 52.
Rd3 Ra5 53. a7 Be6 54. Rd8 Rxa7 55. Rd2 g5 56. Rb2 Kg6 57. Rb6 Bf5 58. Rb2 Ra4
59. Rd2 Rh4 60. Kg1 g4 61. hxg4 hxg4 62. g3 Rh3 63. Kf1 Be4 64. Ke2 Rh1 65. Rd8
Bf3+ 66. Ke3 Re1+ 67. Kf4 Re4# 0-1

[Event "Accession B 2019/2020"]
[Site "Vitrolles"]
[Date "2019.12.14"]
[Round "4"]
[White "Girard, Jean-Pierre"]
[Black "Bui, Christopher"]
[Result "1-0"]
[WhiteElo "1717"]
[BlackElo "1836"]
[PlyCount "121"]
[EventDate "2019.??.??"]

1. e4 c5 2. Nf3 d6 3. d4 cxd4 4. Nxd4 Nf6 5. Nc3 a6 6. Be2 e5 7. Nb3 Be7 8. Be3
O-O 9. O-O b5 10. a3 Bb7 11. Qd3 Nbd7 12. Rad1 Rc8 13. Bf3 Qc7 14. g4 Rfd8 15.
g5 Ne8 16. h4 Nb6 17. Bg4 Nc4 18. Bc1 Nxa3 19. Bxc8 Rxc8 20. bxa3 Qxc3 21. Qxc3
Rxc3 22. Bb2 Rh3 23. f3 Rxh4 24. Bxe5 Bxg5 25. Bxd6 Nxd6 26. Rxd6 g6 27. Kg2
Bf4 28. Rd8+ Kg7 29. Rh1 Rxh1 30. Kxh1 Bg5 31. Rb8 Bc6 32. Rb6 Bd7 33. Nc5 Bh3
34. Rxa6 Bf1 35. Nd3 Bh3 36. Rb6 Be7 37. Nb4 Bf1 38. Nd3 Bxa3 39. Rxb5 h5 40.
Kh2 Bd6+ 41. Kg1 Bh3 42. Kf2 h4 43. f4 Be6 44. Kf3 Be7 45. Ne5 Bh3 46. Nd3 Bf6
47. Nf2 Bd7 48. c4 Bc3 49. Rb3 Ba5 50. c5 Bc6 51. Nd3 f5 52. Ne5 fxe4+ 53. Ke3
Bd5 54. Rb5 Bd8 55. c6 Be6 56. Rb7+ Kf6 57. c7 Be7 58. Rb8 Bc5+ 59. Kxe4 h3 60.
c8=Q Bxc8 61. Rxc8 1-0

[Event "Accession B 2019/2020"]
[Site "Vitrolles"]
[Date "2019.12.14"]
[Round "4"]
[White "Pinto, Axel"]
[Black "Derien, Robert"]
[Result "1/2-1/2"]
[WhiteElo "1697"]
[BlackElo "1527"]
[PlyCount "133"]
[EventDate "2019.??.??"]

1. e4 e5 2. Nf3 Nc6 3. Bb5 Nd4 4. Nxd4 exd4 5. c3 a6 6. Bc4 b5 7. Bd5 c6 8. Bb3
Bb7 9. cxd4 c5 10. d5 Nf6 11. d3 d6 12. O-O Be7 13. Nc3 O-O 14. Be3 Bc8 15. h3
Nd7 16. f4 Bf6 17. Qe2 Re8 18. Rad1 Re7 19. Qc2 Qe8 20. a4 b4 21. Nb1 a5 22.
Nd2 Nb6 23. Bf2 Ba6 24. Rfe1 Rc8 25. Nc4 Nxc4 26. dxc4 Rd8 27. Ba2 g6 28. Re2
Rb8 29. Bb3 Bc8 30. Rde1 Bg7 31. e5 Bf5 32. Qd2 Qd7 33. g4 Bxg4 34. hxg4 Qxg4+
35. Kh2 Rbe8 36. Bd1 Qh5+ 37. Kg2 Qg4+ 38. Bg3 Qd7 39. exd6 Rxe2+ 40. Rxe2 Rd8
41. Qe3 Bf6 42. Qxc5 h5 43. Qc7 Qf5 44. Qc6 Kg7 45. Re8 h4 46. Rxd8 Qd3 47. Bf2
Qe4+ 48. Kf1 h3 49. Qe8 Qxc4+ 50. Qe2 Qxf4 51. Qf3 Qc4+ 52. Be2 Qc1+ 53. Be1
Bh4 54. Bd1 Qc4+ 55. Kg1 Bxe1 56. Qxh3 Qd4+ 57. Kh1 Bh4 58. Qxh4 Qxd1+ 59. Kg2
Qxd5+ 60. Kh3 Qh1+ 61. Kg4 Qd1+ 62. Kg3 Qe1+ 63. Kh3 Qh1+ 64. Kg3 Qe1+ 65. Kg4
f5+ 66. Kh3 Qh1+ 67. Kg3 1/2-1/2

[Event "Accession B 2019/2020"]
[Site "Vitrolles"]
[Date "2020.01.11"]
[Round "5"]
[White "Piat, Jean-Pascal"]
[Black "Emilbekov, Bektogul"]
[Result "0-1"]
[WhiteElo "1709"]
[BlackElo "1729"]
[PlyCount "20"]
[EventDate "2020.??.??"]

1. d4 c6 2. Nc3 d5 3. a3 Bf5 4. e4 dxe4 5. Bc4 Nd7 6. f3 Ngf6 7. g4 Bg6 8. g5
Nd5 9. Nxd5 cxd5 10. Bxd5 Qa5+ 0-1

[Event "Accession B 2019/2020"]
[Site "Vitrolles"]
[Date "2020.01.11"]
[Round "5"]
[White "Derien, Robert"]
[Black "Bouton, Come"]
[Result "0-1"]
[WhiteElo "1520"]
[BlackElo "1680"]
[PlyCount "105"]
[EventDate "2020.??.??"]

1. e4 c5 2. Nf3 e6 3. c3 d5 4. exd5 Qxd5 5. Bb5+ Bd7 6. Qe2 Bxb5 7. Qxb5+ Nd7
8. O-O Ngf6 9. d4 a6 10. Qe2 cxd4 11. cxd4 Be7 12. Nc3 Qh5 13. Bf4 O-O 14. Rfe1
Nd5 15. Bg3 N7f6 16. Ne5 Qxe2 17. Rxe2 Rfd8 18. a3 Nh5 19. Nxd5 Rxd5 20. Nf3
Nxg3 21. hxg3 Bf6 22. Rd1 Rad8 23. Re4 h5 24. Rde1 Bxd4 25. Nxd4 Rxd4 26. R4e2
Kh7 27. Re5 Kg6 28. Kf1 Rd2 29. R5e2 R8d5 30. f3 Kf5 31. Rc1 Rd1+ 32. Re1 Rxc1
33. Rxc1 Rd2 34. b4 Rd3 35. a4 Rd4 36. Rc7 Rxb4 37. Rxf7+ Kg6 38. Rc7 Rb2 39.
Rc5 Rb4 40. Ra5 Kf6 41. f4 g6 42. Kg1 Rb2 43. Kh2 Rb1 44. Rc5 Ra1 45. Ra5 Kf7
46. g4 hxg4 47. Kg3 Ra2 48. Kh4 Rxg2 49. Rc5 Kf6 50. a5 Rg1 51. Rc7 Kf5 52.
Rf7+ Ke4 53. Kg5 0-1

[Event "Accession B 2019/2020"]
[Site "Vitrolles"]
[Date "2020.01.11"]
[Round "5"]
[White "Vialette, Eric"]
[Black "Girard, Jean-Pierre"]
[Result "1-0"]
[WhiteElo "1645"]
[BlackElo "1716"]
[PlyCount "47"]
[EventDate "2020.??.??"]

1. e4 c5 2. Nc3 Nc6 3. f4 d6 4. Nf3 e6 5. Bc4 Nf6 6. d3 Be7 7. a3 a6 8. O-O O-O
9. Ba2 b5 10. Ne2 Nd7 11. Kh1 Bf6 12. Neg1 Nb6 13. g4 Bb7 14. g5 Be7 15. g6
hxg6 16. Nh3 c4 17. Qe1 f5 18. Nhg5 fxe4 19. Qh4 Bxg5 20. Nxg5 Qxg5 21. Qxg5
exd3 22. Kg1 Nd4 23. cxd3 Ne2+ 24. Kf2 1-0

[Event "Accession B 2019/2020"]
[Site "Vitrolles"]
[Date "2020.01.11"]
[Round "5"]
[White "Bui, Christopher"]
[Black "Pinto, Axel"]
[Result "0-1"]
[WhiteElo "1855"]
[BlackElo "1709"]
[PlyCount "84"]
[EventDate "2020.??.??"]

1. c4 e5 2. g3 c6 3. Nf3 e4 4. Nd4 d5 5. d3 dxc4 6. dxc4 Bc5 7. Be3 Nf6 8. Nc3
Ng4 9. Nf5 Qxd1+ 10. Rxd1 Nxe3 11. Nxe3 f5 12. Bh3 O-O 13. Nc2 Nd7 14. O-O Ne5
15. b4 Be7 16. c5 b6 17. Na4 Ba6 18. Nd4 bxc5 19. Nxc5 Bc4 20. Rd2 g6 21. Rc2
a5 22. a3 axb4 23. axb4 Rfb8 24. Nxc6 Nxc6 25. Rxc4 Rxb4 26. Rxb4 Nxb4 27. Nb3
Ra2 28. e3 Nd3 29. Nd4 Bg5 30. Ne6 Bh6 31. Nf4 Bxf4 32. exf4 Kf7 33. Bg2 Ke6
34. h3 Kd5 35. Rd1 Kc4 36. Rf1 Kc3 37. Bh1 Re2 38. Bg2 Kd2 39. Bh1 Rxf2 40.
Rxf2+ Nxf2 41. Bg2 e3 42. Bf1 Nxh3+ 0-1

[Event "Accession B 2019/2020"]
[Site "Vitrolles"]
[Date "2020.01.11"]
[Round "5"]
[White "Battaglia, Gerard"]
[Black "Montanelli, Tristan"]
[Result "0-1"]
[WhiteElo "1791"]
[BlackElo "1602"]
[PlyCount "88"]
[EventDate "2020.??.??"]

1. d4 g6 2. c4 Bg7 3. Nc3 c5 4. d5 Bxc3+ 5. bxc3 f5 6. Nf3 Qa5 7. Qc2 Nf6 8. e3
d6 9. Bd3 Nbd7 10. O-O Nb6 11. Re1 Qa4 12. Nd2 Qxc2 13. Bxc2 O-O 14. a4 Re8 15.
a5 Nbd7 16. Ba4 e6 17. Rb1 Rb8 18. Bb2 Re7 19. Nf3 h6 20. Red1 e5 21. Ba1 e4
22. Nd2 Ne5 23. Bc2 b6 24. axb6 Rxb6 25. Rxb6 axb6 26. Rb1 Rb7 27. Ba4 Bd7 28.
Bb5 Bxb5 29. Rxb5 Ra7 30. Bb2 Nfd7 31. f4 Nd3 32. Nb1 Ra4 33. Ba3 Rxc4 34. Kf1
Ra4 35. Ke2 Kf8 36. Kd2 Ke7 37. Kc2 c4 38. g3 h5 39. Bb2 Ra2 40. Nd2 Rxb2+ 41.
Rxb2 Nxb2 42. Kxb2 b5 43. h3 Nb6 44. Nb1 Nxd5 0-1

[Event "Accession B 2019/2020"]
[Site "Vitrolles"]
[Date "2020.01.25"]
[Round "6"]
[White "Emilbekov, Bektogul"]
[Black "Girard, Jean-Pierre"]
[Result "1-0"]
[WhiteElo "1725"]
[BlackElo "1733"]
[PlyCount "85"]
[EventDate "2020.??.??"]

1. d4 Nf6 2. Nf3 e6 3. e3 b6 4. Bd3 Bb7 5. Nbd2 Be7 6. O-O d6 7. c4 O-O 8. b3
Nbd7 9. Bb2 c5 10. Qc2 Rc8 11. Rac1 cxd4 12. exd4 Re8 13. Ne4 h6 14. Qe2 Bf8
15. Ng3 Bxf3 16. Qxf3 e5 17. Rfe1 Qc7 18. Bb1 exd4 19. Bxd4 Ne5 20. Qf5 Qd7 21.
Rcd1 Qxf5 22. Nxf5 Nfd7 23. Re3 Nc6 24. Bc3 Rxe3 25. Nxe3 Re8 26. Kf1 Nc5 27.
Nf5 Re6 28. f3 g6 29. Ng3 Bg7 30. Bxg7 Kxg7 31. Be4 Nb4 32. Rd2 f5 33. Bb1 a5
34. Ne2 Nb7 35. Nf4 Re5 36. Kf2 Kf7 37. a3 Na6 38. Nd5 Nac5 39. b4 axb4 40.
axb4 Nb3 41. Rd1 b5 42. cxb5 Ke6 43. Ba2 1-0